000 00645nam a2200205 a 4500
001 BRCA_545
005 20190320203046.0
008 870713s1988 nyua---##b---#000-0#eng-#
020 _a0517654903
040 _aDLC
_cDLC
_dDLC
050 4 _aNK4893
_b.F69 1988
100 1 _aFox, Carl
_d1913-
_91886
245 1 0 _aThe Doll
_ctext by Carl Fox ; photographs by H. Landshoff.
260 _aNueva York
_bHarrison House
_c1988
300 _a343 p., 191 p. de láminas
_bil. (algunas a color)
_c30 cm.
504 _aBibliografía: p. 341-343
650 1 4 _aMuñecas (Juguetes)
_xHistoria
_91887
700 1 _aLandshoff, Herman
_d1905-
_91888
942 _2lcc
_cB
999 _c476
_d476